000
00146 a2200085 4500
041
_a
spa
100
_a
Mary Elting
245
_a
Dinosaurs
942
_c
BK
999
_c
9526
_d
9526